000 00449nam a2200169 i 4500
001 49819
003 ES-MaACL
005 20230906162052.0
007 t|
008 030724s1912 xxk ||||1| eng d
100 1 _aCoward, T.A.
_941369
245 1 4 _aThe migration of birds /
_cby T.A. Coward.
250 _a[2nd ed.].
260 _aCambridge :
_bUniversity Press,
_c1912.
300 _aVIII, 138 p.,2 map. ;
_c16 cm.
852 _aES-MaACL
_jD-3251
999 _c49819
_d49819